| 000 | 00541nam a2200193Ia 4500 | ||
|---|---|---|---|
| 003 | GCL | ||
| 008 | 140319s9999 xx 000 0 eng d | ||
| 040 |
_aGCL / _cGCL |
||
| 082 | 0 | 4 |
_a327.56 _bD T |
| 100 | 1 | _aDEEGAN, HEATHER | |
| 245 | 1 | 0 |
_aTHIRD WORLDS: THE POLITICS OF THE MIDDLE EAST AND AFRICA / _cDEEGAN, HEATHER |
| 260 |
_a[S.N] : _bROUTLEDGE ، _c1996 |
||
| 300 | _a278 P | ||
| 650 | 0 | 4 | _aMIDDLE EAST - POLITICS |
| 650 | 0 | 4 | _aMIDDLE EAST - ECONOMIC CONDITION |
| 650 | 0 | 4 | _aAFRICA |
| 650 | 0 | 4 | _aISLAM - POLITICS |
| 942 |
_2ddc _cBK |
||
| 999 |
_c14845 _d14845 |
||